Academic library system / (Record no. 122879)

MARC details
000 -LEADER
fixed length control field 00765nam a22002537a 4500
003 - CONTROL NUMBER IDENTIFIER
control field dpl
005 - DATE AND TIME OF LATEST TRANSACTION
control field 20180823140931.0
008 - FIXED-LENGTH DATA ELEMENTS--GENERAL INFORMATION
fixed length control field 180823b xxu||||| |||| 00| 0 eng d
010 ## - LIBRARY OF CONGRESS CONTROL NUMBER
LC control number A-997953
020 ## - INTERNATIONAL STANDARD BOOK NUMBER
Terms of availability 450.00
International Standard Book Number 8170561639
035 ## - SYSTEM CONTROL NUMBER
System control number A-997953, A-997957
037 ## - SOURCE OF ACQUISITION
Source of stock number/acquisition Cen Lib/Ret
040 ## - CATALOGING SOURCE
Original cataloging agency DPL
Language of cataloging EN
Transcribing agency 0
082 ## - DEWEY DECIMAL CLASSIFICATION NUMBER
Classification number 027.7
Item number VYA
100 ## - MAIN ENTRY--PERSONAL NAME
Personal name Vyas, S. D.
9 (RLIN) 2846
245 ## - TITLE STATEMENT
Title Academic library system /
Statement of responsibility, etc by S. D. Vyas
260 ## - PUBLICATION, DISTRIBUTION, ETC. (IMPRINT)
Place of publication, distribution, etc Jaipur
Name of publisher, distributor, etc Panchsheel Prakashan
Date of publication, distribution, etc 1999
270 ## - ADDRESS
Address Film Colony, Chaura Rasta
City Jaipur
Postal code 302003
300 ## - PHYSICAL DESCRIPTION
Extent 264p.
Dimensions 21cm(Hb)
500 ## - GENERAL NOTE
General note Includes bibliographical references and index
650 ## - SUBJECT ADDED ENTRY--TOPICAL TERM
Topical term or geographic name as entry element Library Science
9 (RLIN) 105236
650 ## - SUBJECT ADDED ENTRY--TOPICAL TERM
Topical term or geographic name as entry element University library
9 (RLIN) 2848
942 ## - ADDED ENTRY ELEMENTS (KOHA)
Source of classification or shelving scheme Dewey Decimal Classification
Koha item type English Books
Classification part 027.7
Call number suffix VYA
Holdings
Withdrawn status Lost status Damaged status Not for loan Collection code Home library Current library Date acquired Source of acquisition Cost, normal purchase price Total Checkouts Full call number Barcode Date last seen Copy number Cost, replacement price Price effective from Koha item type Source of classification or shelving scheme Date checked out
      Not For Loan Reference Central Library Central Library 30/05/2015 Cen Lib/Ret 450.00   027.7 VYA A-997953 30/05/2015 1 450.00 30/05/2015 English Books    
        Non-fiction Shahdara Branch Shahdara Branch 23/08/2018 BPPD/PUB 450.00 1 027.7 VYA A-997957 31/03/2019   450.00 23/08/2018 English Books Dewey Decimal Classification 18/03/2019

© Delhi Public Library
Hit Counter
free hit counter